000 00525nam a2200193Ia 4500
005 20250326124706.0
008 250326s9999 xx 000 0 und d
037 _aTextbook
040 _aFMSL
_beng
_cFMSL
041 _aeng
_2eng
084 _aX:89A L2
_qFMSL
100 _aStarr M K
245 0 _aProduction management: systems and synthesis
_cStarr M K
250 _a2
260 _aNew Jersey
_bNew Jersey, Prentice-Hall
_c1972
300 _a525p
942 _cTB
_hX:89A L2
999 _c1274769
_d1274769